Rokeby; a poem. By Walter Scott, Esq
Đã lưu trong:
| Tác giả chính: | |
|---|---|
| Định dạng: | Sách |
| Ngôn ngữ: | Tiếng Anh |
| Được phát hành: |
Essex
Longman Group
1815
|
| Phiên bản: | 6a. ed |
| Những chủ đề: | |
| Các nhãn: |
Thêm thẻ
Không có thẻ, Là người đầu tiên thẻ bản ghi này!
|
MARC
| LEADER | 00000nam a2200000 a 4500 | ||
|---|---|---|---|
| 001 | UCJ7402 | ||
| 003 | CL-VaPUC | ||
| 008 | 070124e18150000uk |||||||||||||||||eng|d | ||
| 082 | 0 | 4 | |a 821 |b SCO |2 21 |
| 100 | 0 | |a Scott, Walter |e author |9 354318 | |
| 245 | 1 | 0 | |a Rokeby; a poem. By Walter Scott, Esq |
| 246 | 1 | 4 | |a The Field of Waterloo |
| 250 | |a 6a. ed | ||
| 300 | |a 469 p | ||
| 942 | |c BK | ||
| 945 | |d 20070124 00:00:00 |a rinostro | ||
| 260 | |a Essex |b Longman Group |c 1815 | ||
| 500 | |a 8§, pasta lujo.- Anteport.- v. en b.- Port.- v. en b.- Portadilla | ||
| 650 | 7 | |a POESIA ESCOCESA |2 CL-VaPUC |9 515751 | |
| 650 | 7 | |a POEMA HISTORICO |2 CL-VaPUC |9 509894 | |
| 583 | |a last modification |c 20171121 12:26:13 |k Rodrigo Vera | ||
| 999 | |c 323487 |d 323485 | ||
| 952 | |0 0 |1 0 |4 0 |6 821_000000000000000_SCO_1815 |7 0 |8 X |9 403150 |a FDOBUD |b FDOBUD |d 2019-11-22 |i 1063324 |o 821 SCO 1815 |p 1063324 |r 2019-11-22 |w 2019-11-22 |y BK_X |k BUD | ||